| 000 | 00628nam a2200229Ia 4500 | ||
|---|---|---|---|
| 003 | OSt | ||
| 005 | 20221006163852.0 | ||
| 006 | a|||||r|||| 00| 0 | ||
| 007 | ta | ||
| 008 | 221006b |||||||| |||| 00| 0 eng d | ||
| 024 | _a213 | ||
| 037 | _cTextual | ||
| 040 |
_aFML _cFML _beng |
||
| 041 |
_2eng _aeng |
||
| 082 | _aNS4412,C, P5 | ||
| 100 |
_aChandran T. V. Au. _9676046 |
||
| 245 | 0 |
_aRitual As Ideology _b Text And Context In Teyyam |
|
| 260 |
_aNew Delhi _bI. G. N. C. A. _c2005 |
||
| 300 |
_a98+54 _ccm. |
||
| 942 |
_hNS4412,C, P5 _cTEXL _2CC |
||
| 999 |
_c1115578 _d1115578 |
||